| 000 | 00783nam a2200253 a 4500 | ||
|---|---|---|---|
| 001 | BRCA_4055 | ||
| 005 | 20190320204529.0 | ||
| 008 | 150210s1863----fr-#######---#000-0#fre-# | ||
| 041 | _afre | ||
| 044 | _afr | ||
| 050 | 4 |
_aF1213 _b.V54 1863 |
|
| 100 | 1 |
_aVigneaux, Ernest _910520 |
|
| 245 | 1 | 0 |
_aSouvenirs d`un prisonnier de guerre au Mexique, 1854-1855 _cpar Ernest Vigneaux. |
| 260 |
_aParis _bL. Hachette et Cie _c1863 |
||
| 300 |
_a565 p. _c19 cm |
||
| 500 | _aC131 | ||
| 650 | 1 | 4 |
_aViajeros franceses _97982 |
| 651 | 4 |
_aMéxico _yHistoria 1821-1861 _910521 |
|
| 651 | 4 |
_aMéxico _yDescripción y viajes _910522 |
|
| 651 | 4 |
_aEuropa _xPolítica _yRevolución, 1917 _910523 |
|
| 651 | 4 |
_aRusia _xPolítica y gobierno _yRevolución, 1917 _910524 |
|
| 902 | _aGFM | ||
| 942 |
_2lcc _cB |
||
| 999 |
_c3779 _d3779 |
||